000 00261nam a2200097Ia 4500
005 20250424112831.0
008 250424s9999 xx 000 0 und d
300 _a120 p. , : ill. ; 24 cm.
650 _aBusiness--Periodicals. Economics--Periodicals.
942 _cSR
999 _c37400
_d37400